[Event "LTU-ch (Women)"]
[Site "Vilnius"]
[Date "2017.03.01"]
[Round "5"]
[White "Butvilaite, Berta Reja"]
[Black "Fokaite, Gabriele"]
[Result "1-0"]
[WhiteElo "1813"]
[BlackElo "1573"]
[PlyCount "57"]
[EventDate "2017.02.25"]
[EventType "swiss"]
[EventRounds "7"]
[EventCountry "LTU"]
[SourceTitle "CBM 177 Extra"]
[Source "ChessBase"]
[SourceDate "2017.04.27"]
[SourceVersion "1"]
[SourceVersionDate "2017.04.27"]
[SourceQuality "1"]

1. e4 c6 2. d4 d5 3. Nc3 dxe4 4. Nxe4 Nf6 5. Nxf6+ exf6 6. Nf3 Bd6 7. Bd3 Be6 8. 0-0 0-0 9. c4 Nd7 10. b3 Re8 11. Qc2 Nf8 12. Bb2 Qc8 13. Rfe1 Ng6 14. Nd2 b6 15. Ne4 Bc7 16. d5 cxd5 17. cxd5 Bxd5 18. Nxf6+ gxf6 19. Rxe8+ Qxe8 20. Qxc7 Qe6 21. Qg3 Re8 22. h4 Kh8 23. Qg5 Ne5 24. Qh6 Nf3+ 25. gxf3 Rg8+ 26. Kf1 Qh3+ 27. Ke1 Rg1+ 28. Kd2 Rg6 29. Qf8+ 1-0

[Event "LTU-ch (Women)"]
[Site "Vilnius"]
[Date "2017.02.28"]
[Round "4"]
[White "Kiseleva, Simona"]
[Black "Butvilaite, Berta Reja"]
[Result "1-0"]
[WhiteElo "2214"]
[BlackElo "1813"]
[PlyCount "53"]
[EventDate "2017.02.25"]
[EventType "swiss"]
[EventRounds "7"]
[EventCountry "LTU"]
[SourceTitle "CBM 177 Extra"]
[Source "ChessBase"]
[SourceDate "2017.04.27"]
[SourceVersion "1"]
[SourceVersionDate "2017.04.27"]
[SourceQuality "1"]

1. Nf3 Nf6 2. g3 d5 3. Bg2 Nc6 4. d4 g6 5. 0-0 Bg4 6. Ne5 h5 7. c4 Nxe5 8. dxe5 Nd7 9. cxd5 Nxe5 10. f4 Nd7 11. h3 h4 12. hxg4 hxg3 13. g5 c6 14. Be3 Qc7 15. Nc3 0-0-0 16. dxc6 bxc6 17. Qa4 Bg7 18. Rac1 Nb6 19. Qa6+ Qb7 20. Qxb7+ Kxb7 21. b3 Nd5 22. Nxd5 cxd5 23. Rfd1 Kb8 24. Bxd5 e5 25. Bf3 Rde8 26. Rd5 a6 27. Rd6 1-0

[Event "LTU-ch (Women)"]
[Site "Vilnius"]
[Date "2016.03.10"]
[Round "6"]
[White "Butvilaite, Berta Reja"]
[Black "Perminaite, Guoda"]
[Result "1-0"]
[WhiteElo "1825"]
[BlackElo "1803"]
[PlyCount "61"]
[EventDate "2016.03.06"]
[EventType "swiss"]
[EventRounds "7"]
[EventCountry "LTU"]
[SourceTitle "CBM 171 Extra"]
[Source "ChessBase"]
[SourceDate "2016.04.26"]
[SourceVersion "1"]
[SourceVersionDate "2016.04.26"]
[SourceQuality "1"]

1. e4 e5 2. Nf3 Nc6 3. d4 exd4 4. Nxd4 Bc5 5. Be3 Qf6 6. c3 Nge7 7. Bc4 d6 8. 0-0 Bd7 9. Nb5 Rc8 10. Bxc5 dxc5 11. Qh5 a6 12. N5a3 Ne5 13. f4 Nxc4 14. Nxc4 b6 15. Nbd2 Qg6 16. Qxg6 hxg6 17. Ne5 Be6 18. b3 f6 19. Nef3 Nc6 20. Rfe1 Kf7 21. e5 Rcd8 22. Ne4 a5 23. exf6 gxf6 24. Neg5+ fxg5 25. Nxg5+ Kg8 26. Rxe6 Nb8 27. Rxg6+ Kf8 28. f5 Rd6 29. Ne6+ Kf7 30. Rg7+ Ke8 31. Rxc7 1-0

[Event "LTU-ch (Women)"]
[Site "Vilnius"]
[Date "2016.03.06"]
[Round "1"]
[White "Zaksaite, Salomeja"]
[Black "Butvilaite, Berta Reja"]
[Result "1-0"]
[WhiteElo "2286"]
[BlackElo "1825"]
[PlyCount "49"]
[EventDate "2016.03.06"]
[EventType "swiss"]
[EventRounds "7"]
[EventCountry "LTU"]
[SourceTitle "CBM 171 Extra"]
[Source "ChessBase"]
[SourceDate "2016.04.26"]
[SourceVersion "1"]
[SourceVersionDate "2016.04.26"]
[SourceQuality "1"]

1. e4 c5 2. Nf3 Nc6 3. Bb5 g6 4. 0-0 Bg7 5. Re1 Nf6 6. e5 Nd5 7. Nc3 Nxc3 8. dxc3 Qc7 9. Qd5 b6 10. Ng5 0-0 11. e6 fxe6 12. Nxe6 dxe6 13. Qxc6 Qxc6 14. Bxc6 Rb8 15. Bg5 Rf7 16. Rad1 h6 17. Bh4 Ba6 18. Bd7 Bc4 19. b3 Bxc3 20. bxc4 Bxe1 21. Rxe1 Kh7 22. Bxe6 Rff8 23. Bxe7 Rfe8 24. Bd7 Rh8 25. Bf6 1-0

[Event "Palanga op"]
[Site "Palanga"]
[Date "2015.06.18"]
[Round "6"]
[White "Juksta, Karolis"]
[Black "Butvilaite, Berta Reja"]
[Result "0-1"]
[WhiteElo "1791"]
[BlackElo "1686"]
[PlyCount "76"]
[EventDate "2015.06.15"]
[EventType "swiss"]
[EventRounds "9"]
[EventCountry "LTU"]
[SourceTitle "CBM 167 Extra"]
[Source "ChessBase"]
[SourceDate "2015.09.14"]
[SourceVersion "1"]
[SourceVersionDate "2015.09.14"]
[SourceQuality "1"]

1. d4 d5 2. c4 c6 3. Nf3 Nf6 4. Nbd2 Bf5 5. Nh4 Bg6 6. Qb3 b6 7. e3 e6 8. Qc3 Ne4 9. Nxe4 Bxe4 10. Nf3 Bd6 11. Be2 0-0 12. b4 Nd7 13. Bb2 Rc8 14. c5 Bb8 15. 0-0 Bxf3 16. Bxf3 Qf6 17. Qd2 Qh6 18. g3 f5 19. Rfc1 Nf6 20. a4 Ng4 21. Bxg4 fxg4 22. Qe2 Rf3 23. Rc2 Rcf8 24. cxb6 axb6 25. Qa6 Qf6 26. Qf1 h5 27. Ra2 Bxg3 28. Bc1 Bb8 29. a5 Qh4 30. Qg2 Rh3 31. f4 gxf3 32. Qf1 Rf6 33. Ba3 Rg6+ 34. Kh1 Qe4 35. Rf2 Rxh2+ 36. Rxh2 f2+ 37. Rg2 Rxg2 38. Qxg2 f1Q# 0-1

[Event "LTU-ch U16 Girls"]
[Site "Panevezys"]
[Date "2015.03.30"]
[Round "1"]
[White "Fokaite, Gabriele"]
[Black "Butvilaite, Berta Reja"]
[Result "1/2-1/2"]
[WhiteElo "1456"]
[BlackElo "1622"]
[PlyCount "108"]
[EventDate "2015.03.30"]
[EventType "swiss"]
[EventRounds "7"]
[EventCountry "LTU"]
[SourceTitle "EXT 2017"]
[Source "ChessBase"]
[SourceDate "2016.10.25"]
[SourceVersion "1"]
[SourceVersionDate "2016.10.25"]
[SourceQuality "1"]

1. d4 d5 2. c4 c6 3. cxd5 cxd5 4. Nc3 Nf6 5. Nf3 Nc6 6. Bf4 Bf5 7. e3 e6 8. Be2 Bb4 9. 0-0 0-0 10. a3 Bxc3 11. bxc3 Ne4 12. Rc1 Rc8 13. Nd2 Nxd2 14. Qxd2 f6 15. h3 e5 16. Bg3 a6 17. Qa2 Be6 18. f4 Qd6 19. fxe5 fxe5 20. c4 Bf7 21. Bg4 Rce8 22. c5 Qh6 23. Bf2 exd4 24. exd4 Qg5 25. Bf3 Be6 26. Kh1 Ne7 27. Qb3 Rb8 28. Rce1 Bf7 29. Re5 Qf6 30. Qc3 b6 31. cxb6 Rxb6 32. Qc7 Ng6 33. Ree1 Rb3 34. a4 Nf4 35. Bg3 Ne6 36. Qa5 Qxd4 37. Bxd5 Rxg3 38. Bxe6 Bxe6 39. Rxf8+ Kxf8 40. Rxe6 g6 41. Qxa6 Kg7 42. Qb7+ Kh6 43. Re7 Re3 44. Rxh7+ Kg5 45. h4+ Kg4 46. Qc8+ Kg3 47. Qb8+ Re5 48. Qb1 Qe4 49. Qg1 Qe1 50. Rf7 Qxg1+ 51. Kxg1 Re2 52. Rf3+ Kxh4 53. Rf2 Re5 54. Kf1 Kg4 1/2-1/2

[Event "LTU-ch sf (Women)"]
[Site "Vilnius"]
[Date "2015.02.21"]
[Round "5"]
[White "Gailiunaite, Saule"]
[Black "Butvilaite, Berta Reja"]
[Result "1-0"]
[WhiteElo "1701"]
[BlackElo "1596"]
[PlyCount "143"]
[EventDate "2015.02.18"]
[EventType "swiss"]
[EventRounds "8"]
[EventCountry "LTU"]
[SourceTitle "EXT 2018"]
[Source "ChessBase"]
[SourceDate "2017.10.13"]
[SourceVersion "1"]
[SourceVersionDate "2017.10.13"]
[SourceQuality "1"]

1. d4 d5 2. c4 c6 3. Nf3 Nf6 4. Nc3 e6 5. e3 Nbd7 6. Qc2 Bd6 7. Bd3 0-0 8. 0-0 dxc4 9. Bxc4 a6 10. a4 Qc7 11. e4 e5 12. h3 exd4 13. Nxd4 Ne5 14. Ba2 c5 15. Nde2 Nc6 16. Bb1 Nb4 17. Qd2 h6 18. f4 c4 19. Kh1 Bc5 20. e5 Rd8 21. Qe1 Nfd5 22. Nxd5 Nxd5 23. Nc3 Nxc3 24. Qxc3 Be6 25. f5 Bd4 26. Qe1 Bd5 27. e6 Qc6 28. Qg3 fxe6 29. f6 Bxg2+ 30. Qxg2 Qxg2+ 31. Kxg2 Bxf6 32. Ra3 Rd5 33. Be4 Ra5 34. Rg3 Kh8 35. Bxb7 Rb8 36. Bc6 Bxb2 37. Bxb2 Rxb2+ 38. Kg1 Kg8 39. Be8 Rf5 40. Rxf5 exf5 41. Rf3 Re2 42. Bd7 g6 43. Rc3 Re4 44. Bc8 a5 45. Ba6 Kg7 46. Bxc4 Kf6 47. Bb5 Kg5 48. Rc6 f4 49. Ra6 h5 50. Rxa5 Kh4 51. Bd3 Re3 52. Bf1 g5 53. Ra8 Kg3 54. Rd8 f3 55. Rd6 Re1 56. Ra6 h4 57. a5 g4 58. hxg4 h3 59. Ra7 Kxg4 60. a6 Kg3 61. Rh7 Ra1 62. Rxh3+ Kf4 63. Rh7 Kg3 64. Rg7+ Kf4 65. a7 Ke3 66. Rb7 Ra5 67. Bb5 Ra2 68. Rf7 f2+ 69. Kg2 Ra1 70. Re7+ Kd4 71. Kxf2 Kc5 72. Rb7 1-0

[Event "LTU-chT (Women)"]
[Site "Lithuania"]
[Date "2015.02.16"]
[Round "5.2"]
[White "Gailiunaite, Saule"]
[Black "Butvilaite, Berta Reja"]
[Result "1/2-1/2"]
[WhiteElo "1673"]
[BlackElo "1596"]
[PlyCount "85"]
[EventDate "2015.01.24"]
[EventType "team-swiss"]
[EventRounds "7"]
[EventCountry "LTU"]
[SourceTitle "EXT 2018"]
[Source "ChessBase"]
[SourceDate "2017.10.13"]
[SourceVersion "1"]
[SourceVersionDate "2017.10.13"]
[SourceQuality "1"]
[WhiteTeam "Kaunas Margiris (W)"]
[BlackTeam "Siauliai Fortuna (W)"]
[WhiteTeamCountry "LTU"]
[BlackTeamCountry "LTU"]

1. d4 d5 2. c4 c6 3. Nf3 Nf6 4. Nc3 e6 5. e3 Nbd7 6. Qc2 Bd6 7. Bd3 h6 8. 0-0 Qc7 9. e4 dxe4 10. Nxe4 Nxe4 11. Bxe4 b6 12. Re1 Bb7 13. Bd2 0-0 14. h3 f5 15. Bd3 Rae8 16. Nh4 Be7 17. Ng6 Rf6 18. Nxe7+ Rxe7 19. c5 Nf8 20. Bc3 Rg6 21. Re3 Qf4 22. Rae1 Rf7 23. Bc4 bxc5 24. Bxe6 Nxe6 25. Rxe6 Rxe6 26. Rxe6 cxd4 27. Bd2 Qh4 28. Qc4 Qd8 29. Rg6 Qd5 30. Qe2 c5 31. Bxh6 Qe4 32. Qh5 Qe1+ 33. Kh2 d3 34. Be3 d2 35. Rd6 f4 36. Bxd2 Qxf2 37. Qg5 f3 38. Rd8+ Rf8 39. Rxf8+ Kxf8 40. Qd8+ Kf7 41. Qd7+ Kg8 42. Qe8+ Kh7 43. Qh5+ 1/2-1/2

[Event "LTU-chT (Women)"]
[Site "Lithuania"]
[Date "2015.02.14"]
[Round "3.2"]
[White "Baliuniene, Margarita"]
[Black "Butvilaite, Berta Reja"]
[Result "0-1"]
[WhiteElo "1946"]
[BlackElo "1596"]
[PlyCount "48"]
[EventDate "2015.01.24"]
[EventType "team-swiss"]
[EventRounds "7"]
[EventCountry "LTU"]
[SourceTitle "EXT 2018"]
[Source "ChessBase"]
[SourceDate "2017.10.13"]
[SourceVersion "1"]
[SourceVersionDate "2017.10.13"]
[SourceQuality "1"]
[WhiteTeam "Plunge Bokstas (W)"]
[BlackTeam "Siauliai Fortuna (W)"]
[WhiteTeamCountry "LTU"]
[BlackTeamCountry "LTU"]

1. d4 d5 2. c4 c6 3. cxd5 cxd5 4. Nc3 Nf6 5. Bf4 Nc6 6. e3 Bf5 7. Qb3 Qd7 8. Nf3 a6 9. Be2 e6 10. 0-0 Be7 11. Rfc1 0-0 12. h3 b5 13. Nh4 Be4 14. f3 Nh5 15. fxe4 Nxf4 16. exf4 Nxd4 17. Qd1 Nxe2+ 18. Qxe2 Bxh4 19. Qg4 Bf6 20. exd5 Bxc3 21. Rxc3 Qxd5 22. Kh2 Rac8 23. Ra3 Qd2 24. b3 Qb2 0-1

[Event "LTU-chT (Women)"]
[Site "Lithuania"]
[Date "2015.01.24"]
[Round "1.3"]
[White "Joffe, Roza"]
[Black "Butvilaite, Berta Reja"]
[Result "1/2-1/2"]
[WhiteElo "1982"]
[BlackElo "1596"]
[PlyCount "91"]
[EventDate "2015.01.24"]
[EventType "team-swiss"]
[EventRounds "7"]
[EventCountry "LTU"]
[SourceTitle "EXT 2018"]
[Source "ChessBase"]
[SourceDate "2017.10.13"]
[SourceVersion "1"]
[SourceVersionDate "2017.10.13"]
[SourceQuality "1"]
[WhiteTeam "Kaunas LSM (W)"]
[BlackTeam "Siauliai Fortuna (W)"]
[WhiteTeamCountry "LTU"]
[BlackTeamCountry "LTU"]

1. d4 d5 2. c4 c6 3. cxd5 cxd5 4. Nc3 Nc6 5. Bf4 Nf6 6. e3 Bf5 7. Qb3 Qd7 8. Nf3 a6 9. Na4 Na5 10. Qd1 e5 11. Nxe5 Bb4+ 12. Nc3 Qe7 13. Bd3 Bxd3 14. Qxd3 Rc8 15. 0-0 Bxc3 16. bxc3 Ne4 17. Qc2 Nxc3 18. Rfc1 Qa3 19. Nd3 0-0 20. Nc5 Ne4 21. Qd3 Qb2 22. Qf1 Nxc5 23. dxc5 Nc4 24. e4 Qd4 25. exd5 Rxc5 26. Bg3 Qxd5 27. Rd1 Qc6 28. Rd4 h6 29. Qd3 Nb2 30. Qf1 Rc8 31. h3 Rc3 32. Be5 Qe6 33. Bf4 g5 34. Be3 Nc4 35. Bd2 Nxd2 36. Rxd2 Rc2 37. Rxc2 Rxc2 38. a4 Ra2 39. Rxa2 Qxa2 40. Qd1 Qc4 41. Qd8+ Kg7 42. a5 Qc6 43. Qd4+ Qf6 44. Qc5 Qc6 45. Qd4+ f6 46. Qd8 1/2-1/2

[Event "LTU-ch U16 Girls"]
[Site "Panevezys"]
[Date "2014.03.27"]
[Round "5"]
[White "Semonaviciute, Agne"]
[Black "Butvilaite, Berta Reja"]
[Result "1-0"]
[WhiteElo "1742"]
[BlackElo "1598"]
[PlyCount "105"]
[EventDate "2014.03.25"]
[EventType "swiss"]
[EventRounds "9"]
[EventCountry "LTU"]
[SourceTitle "EXT 2016"]
[Source "ChessBase"]
[SourceDate "2015.10.08"]
[SourceVersion "1"]
[SourceVersionDate "2015.10.08"]
[SourceQuality "1"]

1. d4 d5 2. c4 c6 3. Nf3 Nf6 4. Nc3 e6 5. e3 Nbd7 6. Bd2 a6 7. cxd5 exd5 8. Bd3 Bd6 9. 0-0 b5 10. Rc1 0-0 11. a4 Nb6 12. b3 Bg4 13. Na2 Ne4 14. Ba5 Rc8 15. Be2 Qc7 16. h3 Bh5 17. axb5 axb5 18. Bxb5 Qa7 19. Bxb6 Qxb6 20. Ba4 Bxf3 21. gxf3 Ng5 22. Kg2 f5 23. f4 Ne6 24. Rc2 Rf6 25. Nc3 Rg6+ 26. Kf3 Qb8 27. Qc1 Bxf4 28. Rd1 Ng5+ 29. Ke2 Re8 30. Nxd5 Nxh3 31. Bxc6 Ree6 32. Bd7 Rxe3+ 33. Nxe3 Kf7 34. Rc8 Qxb3 35. Be8+ Kf6 36. Qc6+ Kg5 37. Qg2+ Kf6 38. Qc6+ Kg5 39. Bxg6 Nxf2 40. Rg1+ Ng4 41. Rxg4+ fxg4 42. Bd3 Qb2+ 43. Nc2 Qc1 44. Qc5+ Kh4 45. Qc3 g3 46. Qe1 Qb2 47. Rc5 g6 48. Qh1+ Kg4 49. Qf3+ Kh3 50. Qxf4 h5 51. Rg5 h4 52. Qg4+ Kg2 53. Qxh4 1-0

[Event "LTU-ch sf (Women)"]
[Site "Vilnius"]
[Date "2014.02.22"]
[Round "6"]
[White "Butvilaite, Berta Reja"]
[Black "Jaskunaite, Areta"]
[Result "1/2-1/2"]
[WhiteElo "1628"]
[BlackElo "1482"]
[PlyCount "80"]
[EventDate "2014.02.17"]
[EventType "swiss"]
[EventRounds "7"]
[EventCountry "LTU"]
[SourceTitle "CBM 158 Extra"]
[Source "ChessBase"]
[SourceDate "2014.02.28"]
[SourceVersion "1"]
[SourceVersionDate "2014.02.28"]
[SourceQuality "1"]

1. e4 e5 2. Nf3 Nc6 3. Bc4 Nf6 4. d4 exd4 5. e5 Ne4 6. 0-0 Be7 7. Re1 Nc5 8. Nxd4 Nxd4 9. Qxd4 Ne6 10. Qd1 d6 11. Nc3 dxe5 12. Qxd8+ Bxd8 13. Rxe5 Bf6 14. Re3 0-0 15. Nd5 Bg5 16. Rg3 Bxc1 17. Rxc1 Nd4 18. Nxc7 Rb8 19. c3 Ne6 20. Nd5 Rd8 21. Ne3 Nc5 22. h3 Ne4 23. Rf3 Nf6 24. g4 h6 25. Kh2 b6 26. Rg1 b5 27. Bb3 Rd2 28. g5 hxg5 29. Rxg5 Rb6 30. c4 Ne4 31. Rg2 Nc5 32. Nd5 Bb7 33. Rfg3 Bxd5 34. Rxg7+ Kf8 35. cxd5 Nxb3 36. axb3 Rxb2 37. R7g3 Rd2 38. Rg5 Rd6 39. f4 R2xd5 40. Rxd5 Rxd5 1/2-1/2

[Event "LTU-ch sf (Women)"]
[Site "Vilnius"]
[Date "2014.02.19"]
[Round "3"]
[White "Butvilaite, Berta Reja"]
[Black "Gailiunaite, Saule"]
[Result "0-1"]
[WhiteElo "1628"]
[BlackElo "1639"]
[PlyCount "60"]
[EventDate "2014.02.17"]
[EventType "swiss"]
[EventRounds "7"]
[EventCountry "LTU"]
[SourceTitle "CBM 158 Extra"]
[Source "ChessBase"]
[SourceDate "2014.02.28"]
[SourceVersion "1"]
[SourceVersionDate "2014.02.28"]
[SourceQuality "1"]

1. e4 c5 2. c3 d5 3. exd5 Qxd5 4. d4 e6 5. Nf3 Nf6 6. Na3 cxd4 7. Nb5 Qd8 8. Nbxd4 Bc5 9. Be3 Nd5 10. Nxe6 Bxe6 11. Bxc5 Qc7 12. Bd4 0-0 13. Bd3 Nc6 14. 0-0 Nf4 15. Be4 Rad8 16. Qc2 f5 17. Bxc6 Qxc6 18. Be5 Nh3+ 19. Kh1 Bd5 20. Ne1 Bc4 21. Nf3 Bxf1 22. Rxf1 h6 23. Qb3+ Kh8 24. Nd4 Qa6 25. c4 Ng5 26. Nb5 Ne4 27. Qe3 Nd2 28. Qg3 Rg8 29. Rd1 Ne4 30. Bxg7+ Kh7 0-1

[Event "LTU-ch sf (Women)"]
[Site "Vilnius"]
[Date "2014.02.18"]
[Round "2"]
[White "Valciukiene, Asta"]
[Black "Butvilaite, Berta Reja"]
[Result "1/2-1/2"]
[WhiteElo "1770"]
[BlackElo "1628"]
[PlyCount "84"]
[EventDate "2014.02.17"]
[EventType "swiss"]
[EventRounds "7"]
[EventCountry "LTU"]
[SourceTitle "CBM 158 Extra"]
[Source "ChessBase"]
[SourceDate "2014.02.28"]
[SourceVersion "1"]
[SourceVersionDate "2014.02.28"]
[SourceQuality "1"]

1. c4 e5 2. Nc3 Bb4 3. g3 Bxc3 4. bxc3 Nf6 5. Ba3 d6 6. Bg2 c6 7. Nf3 Be6 8. Qb3 b6 9. Ng5 Bd7 10. Bxd6 h6 11. Ne4 Nxe4 12. Bxe4 Bf5 13. Bxf5 Qxd6 14. Rd1 0-0 15. 0-0 Nd7 16. d4 Nf6 17. f3 g6 18. Bc2 Rfe8 19. e4 Qe6 20. Kg2 Nh5 21. d5 cxd5 22. cxd5 Qf6 23. c4 Qg5 24. Kh1 Ng7 25. Qd3 Rad8 26. Qe2 Nh5 27. Qf2 f5 28. f4 exf4 29. gxf4 Qf6 30. e5 Qf7 31. Rg1 Kh7 32. Rd2 Qb7 33. Bd1 b5 34. Bxh5 gxh5 35. Qc5 bxc4 36. Qxc4 Rg8 37. Rc1 Rc8 38. Qf1 Qb4 39. Rxc8 Qe4+ 40. Rg2 Rxg2 41. Qxg2 Qe1+ 42. Qg1 Qe4+ 1/2-1/2

[Event "Wch U14 Girls"]
[Site "Al Ain"]
[Date "2013.12.21"]
[Round "5"]
[White "Butvilaite, Berta Reja"]
[Black "Marx, Inge"]
[Result "1-0"]
[WhiteElo "1616"]
[BlackElo "1468"]
[PlyCount "139"]
[EventDate "2013.12.18"]
[EventType "swiss"]
[EventRounds "11"]
[EventCountry "UAE"]
[SourceTitle "CBM 158 Extra"]
[Source "ChessBase"]
[SourceDate "2014.02.28"]
[SourceVersion "1"]
[SourceVersionDate "2014.02.28"]
[SourceQuality "1"]

1. e4 c5 2. c3 d5 3. exd5 Qxd5 4. d4 Nf6 5. Nf3 Bg4 6. dxc5 Qxd1+ 7. Kxd1 e5 8. b4 e4 9. h3 Bh5 10. g4 Nxg4 11. hxg4 Bxg4 12. Nbd2 exf3 13. Bh3 f5 14. Kc2 Be7 15. Bb2 Bf6 16. Bxg4 fxg4 17. Rag1 Nc6 18. Rxg4 Ne5 19. Rd4 Rd8 20. Rxd8+ Kxd8 21. c4 h5 22. Ne4 h4 23. Bxe5 Bxe5 24. Ng5 Ke7 25. Nxf3 Bf6 26. Kd3 g5 27. Ke4 g4 28. Ne5 Rg8 29. Kf4 g3 30. fxg3 hxg3 31. Ng4 Bh4 32. Kf3 Rh8 33. Ne3 Rf8+ 34. Kg4 Rg8+ 35. Kh3 Ke6 36. Rd1 Be7 37. Ng4 g2 38. Rg1 Rh8+ 39. Kxg2 Rh4 40. Re1+ Kf5 41. Rxe7 Rxg4+ 42. Kf3 Rxc4 43. Rxb7 Rc3+ 44. Ke2 Rc2+ 45. Kd3 Rxa2 46. Kc4 a5 47. Kb3 Ra1 48. b5 a4+ 49. Kb2 Rh1 50. Ra7 a3+ 51. Rxa3 Rh2+ 52. Kb3 Rh3+ 53. Ka4 Rh4+ 54. Ka5 Rh8 55. b6 Ra8+ 56. Kb4 Rb8 57. Kb5 Ke6 58. Rd3 Rh8 59. b7 Rb8 60. Kb6 Rh8 61. c6 Ke5 62. c7 Rh6+ 63. Ka7 Rh1 64. c8Q Ra1+ 65. Kb8 Ra8+ 66. bxa8Q Kf4 67. Qa4+ Ke5 68. Qc5+ Ke6 69. Qd7+ Kf6 70. Rd6# 1-0

[Event "Wch U14 Girls"]
[Site "Al Ain"]
[Date "2013.12.19"]
[Round "2"]
[White "Al Shamsi, Kaltham Mubarak"]
[Black "Butvilaite, Berta Reja"]
[Result "0-1"]
[WhiteElo "1265"]
[BlackElo "1616"]
[PlyCount "60"]
[EventDate "2013.12.18"]
[EventType "swiss"]
[EventRounds "11"]
[EventCountry "UAE"]
[SourceTitle "CBM 158 Extra"]
[Source "ChessBase"]
[SourceDate "2014.02.28"]
[SourceVersion "1"]
[SourceVersionDate "2014.02.28"]
[SourceQuality "1"]

1. e4 c5 2. Nf3 d6 3. b3 Nf6 4. Bb2 Nxe4 5. d3 Nf6 6. Nc3 Nc6 7. Be2 b6 8. Qd2 e6 9. 0-0-0 Bb7 10. h3 d5 11. d4 g6 12. Bb5 a6 13. Bxc6+ Bxc6 14. Ne5 Qd6 15. Nxc6 Qxc6 16. Ne2 Ne4 17. Qe3 Bg7 18. dxc5 Bxb2+ 19. Kxb2 bxc5 20. f3 Nd6 21. Qc3 0-0 22. b4 Rab8 23. a3 Nc4+ 24. Ka2 cxb4 25. axb4 Qa4+ 26. Kb1 Rxb4+ 27. Kc1 Rfb8 28. Qxc4 Rxc4 29. Kd2 Qxc2+ 30. Ke1 Rb2 0-1

[Event "Palanga op"]
[Site "Palanga"]
[Date "2013.06.21"]
[Round "8"]
[White "Bucinskas, Lukas"]
[Black "Butvilaite, Berta Reja"]
[Result "1-0"]
[WhiteElo "1777"]
[BlackElo "1598"]
[PlyCount "55"]
[EventDate "2013.06.17"]
[EventType "swiss"]
[EventRounds "9"]
[EventCountry "LTU"]
[SourceTitle "EXT 2014"]
[Source "ChessBase"]
[SourceDate "2013.11.20"]
[SourceVersion "1"]
[SourceVersionDate "2013.11.20"]
[SourceQuality "1"]

1. c4 e5 2. Nc3 Nf6 3. d3 h6 4. g3 Nc6 5. Bg2 Bc5 6. e4 d6 7. h3 0-0 8. Nge2 Ne8 9. 0-0 f5 10. Kh2 a6 11. f4 fxe4 12. Nxe4 Bb6 13. g4 exf4 14. Bxf4 Be6 15. g5 d5 16. cxd5 Bxd5 17. gxh6 Bxe4 18. Bxe4 gxh6 19. Qb3+ Kh8 20. Be5+ Nf6 21. Bxc6 bxc6 22. Nf4 Bd4 23. Ng6+ Kg7 24. Bxd4 Kxg6 25. Rg1+ Kh7 26. Bc5 Rg8 27. Qf7+ Kh8 28. Be7 1-0

[Event "Palanga op"]
[Site "Palanga"]
[Date "2013.06.19"]
[Round "5"]
[White "Buivydas, Skirmantas"]
[Black "Butvilaite, Berta Reja"]
[Result "1/2-1/2"]
[WhiteElo "1806"]
[BlackElo "1598"]
[PlyCount "97"]
[EventDate "2013.06.17"]
[EventType "swiss"]
[EventRounds "9"]
[EventCountry "LTU"]
[SourceTitle "EXT 2014"]
[Source "ChessBase"]
[SourceDate "2013.11.20"]
[SourceVersion "1"]
[SourceVersionDate "2013.11.20"]
[SourceQuality "1"]

1. d4 d5 2. Nf3 Nf6 3. e3 c6 4. Nbd2 e6 5. Ne5 Bd6 6. Ndf3 Nbd7 7. Nxd7 Nxd7 8. Bd3 c5 9. c3 b6 10. e4 f6 11. exd5 exd5 12. 0-0 0-0 13. Nh4 g6 14. Bh6 Rf7 15. Qc2 f5 16. g3 Qf6 17. Nf3 Bf8 18. Bg5 Qg7 19. Rfe1 Bb7 20. Re6 Nf6 21. Ne5 Bc8 22. Bxf6 Rxf6 23. Re8 Bb7 24. Rxa8 Bxa8 25. Qa4 Re6 26. Bb5 Bd6 27. f4 Qc7 28. Bc6 Bxc6 29. Qxc6 Qxc6 30. Nxc6 Re2 31. Nxa7 Rxb2 32. Nc8 Bf8 33. a4 cxd4 34. cxd4 Rd2 35. Nxb6 Rxd4 36. Nd7 Bg7 37. Ra2 Rc4 38. a5 Rc7 39. Nb6 Bd4+ 40. Kf1 Bxb6 41. axb6 Rc1+ 42. Ke2 Rb1 43. Ra8+ Kf7 44. Ra7+ Ke6 45. Rxh7 Rxb6 46. Rg7 Kf6 47. Rd7 Rb2+ 48. Ke3 Rxh2 49. Rxd5 1/2-1/2

[Event "Palanga op"]
[Site "Palanga"]
[Date "2013.06.18"]
[Round "2"]
[White "Agafontseva, Natalya Valerievna"]
[Black "Butvilaite, Berta Reja"]
[Result "0-1"]
[WhiteElo "1789"]
[BlackElo "1598"]
[PlyCount "56"]
[EventDate "2013.06.17"]
[EventType "swiss"]
[EventRounds "9"]
[EventCountry "LTU"]
[SourceTitle "EXT 2014"]
[Source "ChessBase"]
[SourceDate "2013.11.20"]
[SourceVersion "1"]
[SourceVersionDate "2013.11.20"]
[SourceQuality "1"]

1. Nf3 d5 2. e3 Nf6 3. b3 Nc6 4. Bb2 Bg4 5. Bb5 Qd6 6. d4 a6 7. Ba3 Qe6 8. Bd3 Bxf3 9. Qxf3 Nxd4 10. Qf4 Nb5 11. Bb2 Nd6 12. h3 Nfe4 13. Nc3 Nxc3 14. Bxc3 f6 15. Qg3 g6 16. 0-0 0-0-0 17. Ba5 Rd7 18. Rfc1 Bg7 19. c4 f5 20. Rab1 d4 21. exd4 Bxd4 22. c5 Ne4 23. Bxe4 Qxe4 24. b4 f4 25. Qb3 Bxf2+ 26. Kh1 Rd3 27. Rc3 Rxc3 28. Qxc3 Qxb1+ 0-1

[Event "LTU-ch (Women)"]
[Site "Vilnius"]
[Date "2013.04.20"]
[Round "6"]
[White "Butvilaite, Berta Reja"]
[Black "Semonaviciute, Agne"]
[Result "0-1"]
[WhiteElo "1570"]
[BlackElo "1735"]
[PlyCount "144"]
[EventDate "2013.04.20"]
[EventType "tourn"]
[EventRounds "9"]
[EventCountry "LTU"]
[SourceTitle "CBM 154 Extra"]
[Source "ChessBase"]
[SourceDate "2013.06.25"]
[SourceVersion "2"]
[SourceVersionDate "2013.06.25"]
[SourceQuality "1"]

1. e4 c5 2. c3 d5 3. exd5 Qxd5 4. d4 cxd4 5. cxd4 Nc6 6. Nf3 Nf6 7. Nc3 Qd8 8. h3 e6 9. Bc4 Bb4 10. 0-0 0-0 11. Bg5 Be7 12. Re1 a6 13. a3 b5 14. Bd3 Bb7 15. Bc2 Nd5 16. Qd3 g6 17. Bh6 Re8 18. Ne4 Bf8 19. Bxf8 Rxf8 20. Neg5 Nf6 21. Bb3 Re8 22. Rad1 Kg7 23. Bxe6 fxe6 24. Nxe6+ Rxe6 25. Rxe6 Qd5 26. Rde1 Bc8 27. R6e3 Bf5 28. Qb3 Qxb3 29. Rxb3 Rd8 30. g4 Bc8 31. Rd3 h5 32. g5 Nd5 33. h4 Bf5 34. Rd2 Nf4 35. Re3 Kf8 36. Rc3 Rd6 37. d5 Ne7 38. Rc5 Rxd5 39. Rdxd5 Nexd5 40. Rc6 a5 41. Rc5 Bd7 42. Nd4 Ne7 43. Rc3 Nf5 44. Rf3 Nxd4 45. Rxf4+ Nf5 46. Kf1 Ke7 47. Ke2 Kd6 48. Kd3 Bc6 49. Rxf5 gxf5 50. f4 a4 51. Kc3 Bd5 52. Kd4 Bc4 53. g6 Bb3 54. g7 Bc4 55. Ke3 Kc5 56. Kf3 Kd4 57. Kf2 Ke4 58. Kg3 Ke3 59. Kh3 Kxf4 60. Kg2 Kg4 61. Kf2 f4 62. Kg2 Kxh4 63. Kf3 Kg5 64. Kf2 Kg4 65. Kg2 f3+ 66. Kf2 h4 67. b3 axb3 68. a4 bxa4 69. Kg1 b2 70. Kh2 a3 71. g8Q+ Bxg8 72. Kh1 Kg3 0-1